|
|
|
|
| LEADER |
04120nam a22004213i 4500 |
| 001 |
EBC30603300 |
| 003 |
MiAaPQ |
| 005 |
20231204023231.0 |
| 006 |
m o d | |
| 007 |
cr cnu|||||||| |
| 008 |
231204s2023 xx o ||||0 eng d |
| 020 |
|
|
|a 9783031304552
|q (electronic bk.)
|
| 020 |
|
|
|z 9783031304545
|
| 035 |
|
|
|a (MiAaPQ)EBC30603300
|
| 035 |
|
|
|a (Au-PeEL)EBL30603300
|
| 040 |
|
|
|a MiAaPQ
|b eng
|e rda
|e pn
|c MiAaPQ
|d MiAaPQ
|
| 050 |
|
4 |
|a PN695-779
|
| 082 |
0 |
|
|a 823.91099417
|
| 100 |
1 |
|
|a Caneda-Cabrera, M. Teresa.
|
| 245 |
1 |
0 |
|a Narratives of the Unspoken in Contemporary Irish Fiction :
|b Silences That Speak.
|
| 250 |
|
|
|a 1st ed.
|
| 264 |
|
1 |
|a Cham :
|b Springer International Publishing AG,
|c 2023.
|
| 264 |
|
4 |
|c ©2023.
|
| 300 |
|
|
|a 1 online resource (258 pages)
|
| 336 |
|
|
|a text
|b txt
|2 rdacontent
|
| 337 |
|
|
|a computer
|b c
|2 rdamedia
|
| 338 |
|
|
|a online resource
|b cr
|2 rdacarrier
|
| 490 |
1 |
|
|a New Directions in Irish and Irish American Literature Series
|
| 505 |
0 |
|
|a Intro -- Praise for Narratives of the Unspoken in Contemporary Irish Fiction -- Foreword -- Acknowledgements -- Contents -- Notes on Contributors -- 1 Introduction: Silences that Speak -- References -- 2 Conspicuously Silent: The Excesses of Religion and Medicine in Emma Donoghue's Historical Novels The Wonder and The Pull of the Stars -- Introduction -- The Cultural History Approach -- The Wonder (2016) -- The Pull of the Stars (2020) -- Conclusion -- References -- 3 "To Pick Up the Unsaid, and Perhaps Unknown, Wishes": Reimagining the "True Stories" of the Past in Evelyn Conlon's Not the Same Sky -- References -- 4 "He's Been Wanting to Say That for a Long Time": Varieties of Silence in Colm Tóibín's Fiction -- References -- 5 The Irish Short Story and the Aesthetics of Silence -- Introduction -- Formal Strategies of Silence -- Themes of Silence in Irish Short Fiction -- The Ambivalence of Silence in Claire Keegan's Fiction -- Conclusion -- References -- 6 Infinite Spaces: Kevin Barry's Lives of Quiet Desperation -- Submerged Population Group -- Lives of Quiet Desperation -- Primal Scream -- Nothing Happens, Twice -- The Old Lost Voices -- References -- 7 The Silencing of Speranza -- References -- 8 "A Self-Interested Silence": Silences Identified and Broken in Peter Lennon's Rocky Road to Dublin (1967) -- Conclusion -- References -- 9 Silence in Donal Ryan's Fiction -- Introduction -- Silence in Donal Ryan's Fiction -- The Spinning Heart (2012) -- The Thing About December (2013) -- All We Shall Know (2016) -- From a Low and Quiet Sea (2018) -- Strange Flowers (2018) -- Concluding Remarks -- References -- 10 "Sure, Aren't the Church Doing Their Best?" Breaking Consensual Silence in Emer Martin's The Cruelty Men -- Introduction: "The Silences of Our Past" -- Consensual Silence and National Narratives -- The Cruelty Men.
|
| 505 |
8 |
|
|a Conclusion: Stories of Conscience and Social Justice -- References -- 11 Unspeakable Injuries and Neoliberal Subjectivities in Sally Rooney's Conversations with Friends and Normal People -- "I Just Let it Fall off into Silence": Neoliberalism and the Ethics of Care in Conversations with Friends -- "They Had the Same Unnameable Spiritual Injury": Vulnerability, Objectification and Silence in Normal People -- Conclusion -- References -- Index.
|
| 588 |
|
|
|a Description based on publisher supplied metadata and other sources.
|
| 590 |
|
|
|a Electronic reproduction. Ann Arbor, Michigan : ProQuest Ebook Central, 2023. Available via World Wide Web. Access may be limited to ProQuest Ebook Central affiliated libraries.
|
| 655 |
|
4 |
|a Electronic books.
|
| 700 |
1 |
|
|a Carregal-Romero, José.
|
| 776 |
0 |
8 |
|i Print version:
|a Caneda-Cabrera, M. Teresa
|t Narratives of the Unspoken in Contemporary Irish Fiction
|d Cham : Springer International Publishing AG,c2023
|z 9783031304545
|
| 797 |
2 |
|
|a ProQuest (Firm)
|
| 830 |
|
0 |
|a New Directions in Irish and Irish American Literature Series
|
| 856 |
4 |
0 |
|u https://ebookcentral.proquest.com/lib/matrademy/detail.action?docID=30603300
|z Click to View
|